Le langage des mouches au XVIIIe siècle - Statistiques

Statistiques générales
  • Ce quiz a été pris 4 fois
  • Le résultat moyen est 2 sur 9
Statistiques - réponses
Par images Hint Réponse % Correct
Coin de la bouche La baiseuse
75%
Menton La discrète
50%
Joue La galante
25%
Poitrine La généreuse
25%
Front La majestueuse
25%
Nez L'effrontée
25%
Lèvres La friponne
0%
Oeil L'assassine
0%
Pommette L'enjouée
0%
Aucun quiz correspondant
Distribution des résultats
% des personnes avec chaque résultat
Percentile par nombre de réponses
Votre historique - résultats
Vous n’avez pas pris ce quiz